| 000 | 01155cam a2200349 a 4500 | ||
|---|---|---|---|
| 999 |
_c200429790 _d47716 |
||
| 001 | 49824276 | ||
| 003 | TR-AnTOB | ||
| 005 | 20230330000905.0 | ||
| 008 | 010403s19999999tu 000 0 tur d | ||
| 020 | _a9754510903 | ||
| 040 |
_aBGZ _beng _erda _cTR-AnTOB _dTR-AnTOB |
||
| 041 | 0 | _atur | |
| 049 | _aBGZA | ||
| 050 | 0 | 0 |
_aDR432 _b.T87 1993 |
| 090 | 0 |
_aDR432 _b.T87 1993 |
|
| 100 | 1 |
_aTuran, Osman _4author _99227 |
|
| 245 | 1 | 0 |
_aTürk cihan hakimiyeti mefkûresi tarihi / _cOsman Turan. |
| 250 | _a12. baskı | ||
| 264 | 1 |
_aİstanbul : _bBoğaziçi Yayınları, _c1993. |
|
| 300 |
_a2 v. ; _c24 cm. |
||
| 336 |
_2rdacontent _atext _btxt |
||
| 337 |
_2rdamedia _aunmediated _bn |
||
| 338 |
_2rdacarrier _avolume _bnc |
||
| 490 | 0 |
_aBoğaziçi Yayınları ; _v167 |
|
| 505 | 0 |
_gv. 1. _tTürk dünya nizamının millî, islâmî ve insanî esasları -- _gv. 2. _tTürk dünya niza mının millî islâmî ve insânî esasları. |
|
| 651 | 0 |
_aTürkiye _xTarih _9120729 |
|
| 651 | 0 |
_9120730 _aTurkey _xHistory |
|
| 651 | 0 |
_aTurkey _xCivilization _920835 |
|
| 651 | 0 |
_aTürkiye _xUygarlık _99258 |
|
| 942 |
_2lcc _cBK |
||